000 00665nam a2200229Ia 4500
003 OSt
005 20220407080452.0
008 151021s9999 xx 000 0 und d
020 _a1418859311
040 _aMMU
_beng.
_cMMU
_dMMU
050 _aHF 5548.4 .M525 S72933 2003
100 _aShelly Cashman Vermaa
245 _aMicrosoft office 2003 :
_cShelly Cashman Vermaa.
_bBrief Concepts and Techniques/
250 _a2nd ed.
260 _aMexico :
_bThomson,
_c2003.
300 _axvi,159 p. :
500 _aIncludes index
500 _aIncludes index
650 _a_Microsoft office
942 _2lcc
_cLOAN LOAN
980 _a^d20130506 11:25:35^oanne
999 _c13015
_d13015